000 00535nam a22001937a 4500
003 KOHA_MİRAKIL
005 20251209091011.0
008 251209b tu ||||| |||| 00| 0 tur d
020 _a9786254023682
040 _aTR-AnABB
_btur
_cTR-AnABB
041 _atur
082 _a338.47910881
_bGUZ 2020
100 1 _aGüzel, Özlem,
245 1 0 _aAnadolu'da inanç turizmi /
_cÖzlem Güzel
260 _aAnkara :
_bNobel Yayınları,
_c2020
300 _a868 sayfa ;
_c24 cm
650 0 4 _aİnanç Turizmi
942 _2ddc
_cBK
999 _c9715
_d9715
900 _bGizem YORULMAZ